Cartoon Couples Quiz Stats

 Plays Quiz Updated Nov 21, 2014

Score 0/22 Timer 04:00
2 Plays Today
Female Male % Correct
Minnie MouseMickey Mouse
96.8%
Wilma FlintstoneFred Flintstone
96.3%
Marge SimpsonHomer Simpson
95.9%
Daisy DuckDonald Duck
90.5%
Princess FionaShrek
90%
LadyTramp
88.8%
BelleThe Beast
87.7%
CinderellaPrince Charming
86.3%
Olive OylPopeye
85.9%
JasmineAladdin
85.4%
Betty RubbleBarney Rubble
85.3%
Female Male % Correct
Lois GriffinPeter Griffin
79.8%
Lola BunnyBugs Bunny
76.4%
NalaSimba
76.3%
Jessica RabbitRoger Rabbit
70.7%
Jane JetsonGeorge Jetson
70.1%
Maid MarianRobin Hood
69.5%
Petunia PigPorky Pig
58.4%
Helen Parr (Elastigirl)Bob Parr (Mr. Incredible)
51.4%
Peggy HillHank Hill
46.1%
Natasha FataleBoris Badenov
24.1%
Princess AuroraPrince Phillip
20.4%

You're not logged in!

Compare scores with friends on all Sporcle quizzes.
OR
Log In

Sporcle TV

Today on Sporcle TV


Watch our educational content, quiz creation guides, and fun videos on Sporcle TV.

Show Comments

Extras

Top Quizzes Today


Score Distribution

Your Account Isn't Verified!

In order to create a playlist on Sporcle, you need to verify the email address you used during registration. Go to your Sporcle Settings to finish the process.

Report this User

Report this user for behavior that violates our Community Guidelines.

Details: